000
00250nam a2200109Ia 4500
999
_c
8001
_d
8001
020
_a
0-582-52330-3
100
_a
L.G. Alexander
245
0
_a
Practice And Progress an Integrated
260
_a
England
_b
McGraw Hill
_c
2002
300
_a
522
942
_c
BK